WWE Champions by Year - 2010 - Statistics

General Stats
  • This quiz has been taken 403 times
  • The average score is 30 of 40
Answer Stats
Title Date Event Wrestler % Correct
WWE Championship February 21 Elimination Chamber John Cena
100%
WWE Championship March 28 WrestleMania XXVI John Cena
100%
WWE Tag Team October 24 Bragging Rights John Cena
100%
WWE Championship September 19 Night of Champions Randy Orton
97%
WWE Championship November 22 Raw The Miz
95%
United States June 14 Raw The Miz
95%
Undisputed Tag Team February 8 Raw The Miz
95%
World Heavyweight December 19 TLC Edge
94%
WWE Championship February 21 Elimination Chamber Batista
93%
World Heavyweight July 18 Money in the Bank Kane
93%
Undisputed Tag Team February 8 Raw The Big Show
92%
World Heavyweight February 21 Elimination Chamber Chris Jericho
91%
World Heavyweight June 20 Fatal 4-Way Rey Mysterio
91%
WWE Championship June 20 Fatal 4-Way Sheamus
91%
World Heavyweight April 2 Smackdown Jack Swagger
82%
Intercontinental May 23 Over the Limit Kofi Kingston
80%
WWE Tag Team October 24 Bragging Rights David Otunga
77%
WWE Tag Team October 25 Raw Heath Slater
77%
ECW Championship February 16 ECW Ezekiel Jackson
75%
WWE Tag Team October 25 Raw Justin Gabriel
75%
Diva's September 19 Night of Champions Michelle McCool
75%
Women's February 26 Smackdown Michelle McCool
75%
Intercontinental August 6 Smackdown Dolph Ziggler
72%
Women's May 14 Smackdown Layla
71%
Women's April 25 Extreme Rules Beth Phoenix
69%
United States September 19 Night of Champions Daniel Bryan
69%
WWE Tag Team September 19 Night of Champions Cody Rhodes
68%
Women's January 31 Royal Rumble Mickie James
66%
WWE Tag Team September 19 Night of Champions Drew McIntyre
65%
United States May 24 Raw R-Truth
63%
Diva's November 21 Survivor Series Natalya
61%
Diva's August 15 SummerSlam Melina
56%
United States May 17 Raw Bret Hart
53%
Diva's February 22 Raw Maryse
53%
Diva's June 20 Fatal 4-Way Alicia Fox
52%
Diva's April 12 Raw Eve Torres
52%
WWE Tag Team December 6 Raw Santino Marella
50%
Undisputed Tag Team April 26 Raw Tyson Kidd
47%
Undisputed Tag Team April 26 Raw David Hart Smith
46%
WWE Tag Team December 6 Raw Vladimir Kozlov
46%
No matching quizzes found
Score Distribution
Percent of People with Each Score
Percentile by Number Answered
Your Score History
You have not taken this quiz